[Event "Finale kupa Republike Hrvatske 2024."]
[Site "Mali Losinj, Croatia"]
[Date "2024.05.08"]
[Round "1.14"]
[White "Novosel, Lovro"]
[Black "Troselj, Ivan"]
[Result "1-0"]
[TimeControl "(90 min/40 move + 30 min) + 30 sec/move"]
[WhiteFideId "14547120"]
[BlackFideId "14538377"]
[WhiteElo "2325"]
[BlackElo "2099"]

1. d4 {[%clk 01:30:53]} {[%emt 00:00:07]} Nf6 {[%clk 01:30:55]} {[%emt
00:00:05]} 2. c4 {[%clk 01:31:12]} {[%emt 00:00:12]} e6 {[%clk 01:31:20]}
{[%emt 00:00:05]} 3. Nc3 {[%clk 01:31:28]} {[%emt 00:00:14]} d5 {[%clk
01:31:17]} {[%emt 00:00:33]} 4. cxd5 {[%clk 01:31:49]} {[%emt 00:00:09]} exd5
{[%clk 01:31:44]} {[%emt 00:00:02]} 5. Bg5 {[%clk 01:32:11]} {[%emt 00:00:09]}
c6 {[%clk 01:31:58]} {[%emt 00:00:16]} 6. e3 {[%clk 01:32:34]} {[%emt
00:00:06]} Be7 {[%clk 01:31:58]} {[%emt 00:00:30]} 7. Bd3 {[%clk 01:32:52]}
{[%emt 00:00:12]} Nbd7 {[%clk 01:31:59]} {[%emt 00:00:30]} 8. Qc2 {[%clk
01:32:36]} {[%emt 00:00:44]} O-O {[%clk 01:30:54]} {[%emt 00:01:37]} 9. Nge2
{[%clk 01:32:56]} {[%emt 00:00:09]} Re8 {[%clk 01:30:36]} {[%emt 00:00:49]} 10.
O-O {[%clk 01:32:54]} {[%emt 00:00:32]} Nf8 {[%clk 01:30:29]} {[%emt 00:00:37]}
11. f3 {[%clk 01:30:46]} {[%emt 00:02:37]} Nh5 {[%clk 01:28:28]} {[%emt
00:02:28]} 12. Bxe7 {[%clk 01:30:16]} {[%emt 00:01:03]} Qxe7 {[%clk 01:28:51]}
{[%emt 00:00:07]} 13. e4 {[%clk 01:30:20]} {[%emt 00:00:26]} dxe4 {[%clk
01:17:51]} {[%emt 00:11:32]} 14. fxe4 {[%clk 01:30:27]} {[%emt 00:00:22]} Qg5
{[%clk 01:16:49]} {[%emt 00:01:31]} 15. e5 {[%clk 01:18:00]} {[%emt 00:12:57]}
Ng6 {[%clk 01:13:34]} {[%emt 00:03:45]} 16. Ne4 {[%clk 00:51:08]} {[%emt
00:27:23]} Qe3+ {[%clk 01:13:26]} {[%emt 00:00:37]} 17. Kh1 {[%clk 00:51:08]}
{[%emt 00:00:30]} Bg4 {[%clk 01:11:59]} {[%emt 00:01:58]} 18. Nd6 {[%clk
00:49:40]} {[%emt 00:01:58]} Re7 {[%clk 01:12:20]} {[%emt 00:00:08]} 19. Nf5
{[%clk 00:41:57]} {[%emt 00:08:13]} Bxf5 {[%clk 01:10:19]} {[%emt 00:02:32]} 20.
Bxf5 {[%clk 00:42:14]} {[%emt 00:00:12]} Rd8 {[%clk 01:03:06]} {[%emt
00:07:43]} 21. Bxg6 {[%clk 00:35:53]} {[%emt 00:06:52]} hxg6 {[%clk 01:03:19]}
{[%emt 00:00:16]} 22. g4 {[%clk 00:36:17]} {[%emt 00:00:06]} c5 {[%clk
01:01:11]} {[%emt 00:02:38]} 23. gxh5 {[%clk 00:32:57]} {[%emt 00:03:50]} cxd4
{[%clk 01:01:20]} {[%emt 00:00:21]} 24. Ng3 {[%clk 00:32:30]} {[%emt 00:00:57]}
d3 {[%clk 00:59:42]} {[%emt 00:02:08]} 25. Qg2 {[%clk 00:27:56]} {[%emt
00:05:05]} Rxe5 {[%clk 00:53:58]} {[%emt 00:06:13]} 26. hxg6 {[%clk 00:28:10]}
{[%emt 00:00:17]} fxg6 {[%clk 00:54:25]} {[%emt 00:00:02]} 27. Qxb7 {[%clk
00:23:55]} {[%emt 00:04:44]} d2 {[%clk 00:51:03]} {[%emt 00:03:52]} 28. Rad1
{[%clk 00:23:13]} {[%emt 00:01:12]} Kh7 {[%clk 00:47:42]} {[%emt 00:03:51]} 29.
Qf7 {[%clk 00:17:48]} {[%emt 00:05:56]} Rc8 {[%clk 00:45:39]} {[%emt 00:02:33]}
30. Kg2 {[%clk 00:14:24]} {[%emt 00:03:54]} Rc2 {[%clk 00:43:30]} {[%emt
00:02:39]} 31. Rf4 {[%clk 00:13:53]} {[%emt 00:01:01]} g5 {[%clk 00:41:07]}
{[%emt 00:02:53]} 32. Re4 {[%clk 00:12:23]} {[%emt 00:02:00]} Rxe4 {[%clk
00:35:02]} {[%emt 00:06:35]} 33. Qf5+ {[%clk 00:12:42]} {[%emt 00:00:11]} Kh8
{[%clk 00:34:37]} {[%emt 00:00:56]} 34. Qxe4 {[%clk 00:12:48]} {[%emt
00:00:23]} Qc5 {[%clk 00:34:53]} {[%emt 00:00:14]} 35. b4 {[%clk 00:10:40]}
{[%emt 00:02:38]} Qc3 {[%clk 00:34:26]} {[%emt 00:00:57]} 36. Qe8+ {[%clk
00:08:43]} {[%emt 00:02:28]} Kh7 {[%clk 00:31:40]} {[%emt 00:03:15]} 37. Ne4
{[%clk 00:09:01]} {[%emt 00:00:11]} Qxb4 {[%clk 00:27:52]} {[%emt 00:04:19]} 38.
Qh5+ {[%clk 00:07:54]} {[%emt 00:01:37]} Kg8 {[%clk 00:28:19]} {[%emt
00:00:03]} 39. Nf6+ {[%clk 00:07:56]} {[%emt 00:00:28]} gxf6 {[%clk 00:28:29]}
{[%emt 00:00:20]} 40. Qg6+ {[%clk 00:38:22]} {[%emt 00:00:04]} Kf8 {[%clk
00:58:31]} {[%emt 00:00:25]} 41. Qxc2 {[%clk 00:38:45]} {[%emt 00:00:09]} Qg4+
{[%clk 00:58:47]} {[%emt 00:00:14]} 42. Kf2 {[%clk 00:39:05]} {[%emt 00:00:10]}
Qf4+ {[%clk 00:59:08]} {[%emt 00:00:09]} 43. Ke2 {[%clk 00:39:26]} {[%emt
00:00:10]} Qxh2+ {[%clk 00:59:32]} {[%emt 00:00:06]} 44. Kd3 {[%clk 00:39:52]}
{[%emt 00:00:04]} Qd6+ {[%clk 00:58:26]} {[%emt 00:01:36]} 45. Kc3 {[%clk
00:40:14]} {[%emt 00:00:08]} Qe5+ {[%clk 00:58:16]} {[%emt 00:00:40]} 46. Kxd2
{[%clk 00:40:14]} {[%emt 00:00:30]} Qd4+ {[%clk 00:58:11]} {[%emt 00:00:35]} 47.
Ke2 {[%clk 00:38:41]} {[%emt 00:02:03]} Qg4+ {[%clk 00:58:09]} {[%emt
00:00:32]} 48. Kd3 {[%clk 00:39:05]} {[%emt 00:00:06]} Qf5+ {[%clk 00:57:37]}
{[%emt 00:01:01]} 49. Kc3 {[%clk 00:39:30]} {[%emt 00:00:05]} Qe5+ {[%clk
00:56:39]} {[%emt 00:01:28]} 50. Kb3 {[%clk 00:39:52]} {[%emt 00:00:08]} a5
{[%clk 00:55:33]} {[%emt 00:01:36]} 51. Qc4 {[%clk 00:32:43]} {[%emt 00:07:40]}
f5 {[%clk 00:54:43]} {[%emt 00:01:20]} 52. Rd7 {[%clk 00:30:50]} {[%emt
00:02:22]} 1-0

[Event "Finale kupa Republike Hrvatske 2024."]
[Site "Mali Losinj, Croatia"]
[Date "2024.05.08"]
[Round "1.15"]
[White "Mufic, Goran"]
[Black "Muskardin, Mario"]
[Result "1/2-1/2"]
[TimeControl "(90 min/40 move + 30 min) + 30 sec/move"]
[WhiteFideId "14500949"]
[BlackFideId "14518180"]
[WhiteElo "2109"]
[BlackElo "2380"]

1. Nf3 {[%clk 01:30:49]} {[%emt 00:00:10]} Nf6 {[%clk 01:30:43]} {[%emt
00:00:18]} 2. b3 {[%clk 01:30:23]} {[%emt 00:00:55]} d6 {[%clk 01:29:55]}
{[%emt 00:01:18]} 3. d4 {[%clk 01:30:04]} {[%emt 00:00:50]} e6 {[%clk
01:29:38]} {[%emt 00:00:47]} 4. Nbd2 {[%clk 01:28:35]} {[%emt 00:01:58]} b6
{[%clk 01:29:06]} {[%emt 00:01:03]} 5. e4 {[%clk 01:25:57]} {[%emt 00:03:08]}
c5 {[%clk 01:26:55]} {[%emt 00:02:41]} 6. dxc5 {[%clk 01:26:11]} {[%emt
00:00:15]} bxc5 {[%clk 01:23:40]} {[%emt 00:03:45]} 7. Bb2 {[%clk 01:23:46]}
{[%emt 00:02:55]} Nc6 {[%clk 01:19:43]} {[%emt 00:04:27]} 8. Bb5 {[%clk
01:16:16]} {[%emt 00:08:00]} Bd7 {[%clk 01:18:45]} {[%emt 00:01:28]} 9. Qe2
{[%clk 01:11:35]} {[%emt 00:05:10]} Be7 {[%clk 01:13:42]} {[%emt 00:05:34]} 10.
e5 {[%clk 01:08:10]} {[%emt 00:03:55]} Nxe5 {[%clk 01:07:58]} {[%emt 00:06:15]}
11. Nxe5 {[%clk 01:06:59]} {[%emt 00:01:40]} dxe5 {[%clk 01:08:14]} {[%emt
00:00:15]} 12. Bxe5 {[%clk 01:07:06]} {[%emt 00:00:22]} O-O {[%clk 00:58:57]}
{[%emt 00:09:46]} 13. Bxd7 {[%clk 01:05:42]} {[%emt 00:01:55]} Nxd7 {[%clk
00:55:55]} {[%emt 00:03:31]} 14. Bc3 {[%clk 01:04:00]} {[%emt 00:02:13]} Bf6
{[%clk 00:47:47]} {[%emt 00:08:38]} 15. Bxf6 {[%clk 01:03:46]} {[%emt
00:00:44]} Qxf6 {[%clk 00:46:00]} {[%emt 00:02:17]} 16. O-O {[%clk 01:03:54]}
{[%emt 00:00:22]} Rfd8 {[%clk 00:35:37]} {[%emt 00:10:53]} 17. Nc4 {[%emt
00:15:11]} Qc3 {[%clk 00:31:18]} 18. Rad1 {[%clk 00:52:02]} {[%emt 00:02:30]}
Nf6 {[%clk 00:20:24]} {[%emt 00:11:23]} 19. Rxd8+ {[%clk 00:48:45]} {[%emt
00:03:49]} Rxd8 {[%clk 00:20:50]} {[%emt 00:00:04]} 20. Rd1 {[%clk 00:49:01]}
{[%emt 00:00:13]} Rd5 {[%clk 00:19:10]} {[%emt 00:02:09]} 21. Rxd5 {[%clk
00:41:13]} {[%emt 00:08:20]} exd5 {[%clk 00:14:24]} {[%emt 00:05:16]} 22. Qe5
{[%clk 00:40:32]} {[%emt 00:01:10]} Qb4 {[%clk 00:14:42]} {[%emt 00:00:12]} 23.
a3 {[%clk 00:39:44]} {[%emt 00:01:18]} Qb7 {[%emt 00:03:33]} 24. Ne3 {[%clk
00:37:55]} h6 {[%clk 00:07:37]} {[%emt 00:06:51]} 25. f3 {[%clk 00:30:11]}
{[%emt 00:08:13]} Qa6 {[%clk 00:05:46]} {[%emt 00:02:22]} 26. Nxd5 {[%clk
00:27:33]} {[%emt 00:03:08]} Nxd5 {[%clk 00:05:33]} {[%emt 00:00:43]} 27. Qxd5
{[%clk 00:27:56]} {[%emt 00:00:07]} Qxa3 {[%clk 00:05:45]} {[%emt 00:00:18]} 28.
Kf2 {[%clk 00:26:43]} {[%emt 00:01:42]} g6 {[%clk 00:05:43]} {[%emt 00:00:33]}
29. Ke2 {[%clk 00:26:41]} {[%emt 00:00:31]} Qa6+ {[%clk 00:05:44]} {[%emt
00:00:29]} 30. Qd3 {[%clk 00:26:18]} {[%emt 00:00:54]} Qa1 {[%clk 00:05:11]}
{[%emt 00:01:02]} 31. Qe3 {[%clk 00:24:28]} {[%emt 00:02:21]} Qa6+ {[%clk
00:03:57]} {[%emt 00:01:43]} 32. Kf2 {[%clk 00:23:52]} {[%emt 00:01:07]} c4
{[%clk 00:03:06]} {[%emt 00:01:21]} 33. Qe8+ {[%clk 00:17:26]} {[%emt
00:06:56]} Kg7 {[%clk 00:03:31]} {[%emt 00:00:05]} 34. Qe5+ {[%clk 00:17:50]}
{[%emt 00:00:06]} Kg8 {[%clk 00:03:50]} {[%emt 00:00:10]} 35. Qe8+ {[%clk
00:16:44]} {[%emt 00:01:37]} Kg7 {[%clk 00:04:13]} {[%emt 00:00:07]} 36. Qe5+
{[%clk 00:17:10]} {[%emt 00:00:04]} Kg8 {[%clk 00:03:51]} {[%emt 00:00:52]}
1/2-1/2

[Event "Finale kupa Republike Hrvatske 2024."]
[Site "Mali Losinj, Croatia"]
[Date "2024.05.08"]
[Round "1.16"]
[White "Vojak, Daniel"]
[Black "Zekic, Patrik"]
[Result "0-1"]
[TimeControl "(90 min/40 move + 30 min) + 30 sec/move"]
[WhiteFideId "14535262"]
[BlackFideId "14562006"]
[WhiteElo "2255"]
[BlackElo "1915"]

1. e4 {[%clk 01:30:49]} {[%emt 00:00:10]} e6 {[%clk 01:30:44]} {[%emt
00:00:17]} 2. d4 {[%clk 01:31:11]} {[%emt 00:00:08]} d5 {[%clk 01:30:54]}
{[%emt 00:00:20]} 3. Nc3 {[%clk 01:31:30]} {[%emt 00:00:10]} Bb4 {[%clk
01:30:34]} {[%emt 00:00:51]} 4. e5 {[%clk 01:30:05]} {[%emt 00:01:54]} Ne7
{[%clk 01:29:06]} {[%emt 00:01:58]} 5. Bd2 {[%clk 01:29:03]} {[%emt 00:01:32]}
b6 {[%clk 01:27:51]} {[%emt 00:01:45]} 6. a3 {[%clk 01:14:07]} {[%emt
00:15:27]} Bxc3 {[%clk 01:26:00]} {[%emt 00:02:21]} 7. Bxc3 {[%clk 01:14:31]}
{[%emt 00:00:05]} c5 {[%clk 01:04:50]} {[%emt 00:21:40]} 8. b4 {[%clk
01:02:40]} {[%emt 00:12:22]} cxd4 {[%clk 00:55:25]} {[%emt 00:09:54]} 9. Bxd4
{[%clk 01:00:39]} {[%emt 00:02:31]} Nd7 {[%clk 00:48:56]} {[%emt 00:07:00]} 10.
Bb2 {[%clk 00:51:17]} {[%emt 00:09:51]} Ng6 {[%clk 00:33:00]} {[%emt 00:16:25]}
11. Nf3 {[%clk 00:44:22]} {[%emt 00:07:25]} Qc7 {[%clk 00:30:41]} {[%emt
00:02:49]} 12. Qd4 {[%clk 00:42:28]} {[%emt 00:02:25]} Qxc2 {[%clk 00:20:03]}
{[%emt 00:11:08]} 13. Bd3 {[%clk 00:41:05]} {[%emt 00:01:52]} Qa4 {[%clk
00:20:16]} {[%emt 00:00:17]} 14. O-O {[%clk 00:21:28]} {[%emt 00:20:08]} Ba6
{[%clk 00:17:11]} {[%emt 00:03:35]} 15. Rfc1 {[%clk 00:20:43]} {[%emt
00:01:14]} Bxd3 {[%clk 00:16:49]} {[%emt 00:00:53]} 16. Qxd3 {[%clk 00:21:01]}
{[%emt 00:00:11]} O-O {[%clk 00:16:06]} {[%emt 00:01:13]} 17. h4 {[%clk
00:20:51]} {[%emt 00:00:40]} h6 {[%clk 00:07:25]} {[%emt 00:09:11]} 18. Rc7
{[%clk 00:14:21]} {[%emt 00:07:00]} Rfc8 {[%clk 00:06:38]} {[%emt 00:01:18]} 19.
Rac1 {[%clk 00:13:46]} {[%emt 00:01:04]} Rxc7 {[%clk 00:05:17]} {[%emt
00:01:51]} 20. Rxc7 {[%clk 00:14:08]} {[%emt 00:00:07]} a5 {[%clk 00:04:25]}
{[%emt 00:01:23]} 21. h5 {[%clk 00:14:03]} {[%emt 00:00:36]} Ngf8 {[%clk
00:04:21]} {[%emt 00:00:33]} 22. Qd2 {[%clk 00:12:42]} {[%emt 00:01:50]} axb4
{[%clk 00:04:22]} {[%emt 00:00:30]} 23. axb4 {[%clk 00:12:46]} {[%emt
00:00:26]} Ra7 {[%clk 00:04:19]} {[%emt 00:00:34]} 24. Rc1 {[%clk 00:12:34]}
{[%emt 00:00:40]} Qa6 {[%clk 00:03:39]} {[%emt 00:01:11]} 25. g4 {[%clk
00:12:35]} {[%emt 00:00:29]} Nh7 {[%clk 00:03:33]} {[%emt 00:00:37]} 26. Kg2
{[%clk 00:08:10]} {[%emt 00:04:55]} Qb7 {[%clk 00:00:36]} {[%emt 00:03:26]} 27.
Bd4 {[%clk 00:07:14]} {[%emt 00:01:26]} Ra8 {[%clk 00:00:42]} {[%emt 00:00:24]}
28. Qc3 {[%clk 00:06:29]} {[%emt 00:01:15]} Rb8 {[%clk 00:00:36]} {[%emt
00:00:36]} 29. Qe3 {[%clk 00:05:23]} {[%emt 00:01:36]} b5 {[%clk 00:00:32]}
{[%emt 00:00:35]} 30. Qd3 {[%clk 00:05:05]} {[%emt 00:00:47]} Nb6 {[%clk
00:00:31]} {[%emt 00:00:31]} 31. Qxb5 {[%clk 00:04:15]} {[%emt 00:01:20]} Nc4
{[%clk 00:00:55]} {[%emt 00:00:06]} 32. Qxb7 {[%clk 00:04:14]} {[%emt
00:00:32]} Rxb7 {[%clk 00:01:24]} {[%emt 00:00:01]} 33. Bc5 {[%clk 00:04:14]}
{[%emt 00:00:30]} Ng5 {[%clk 00:00:47]} {[%emt 00:01:07]} 34. Nxg5 {[%clk
00:01:44]} hxg5 {[%clk 00:01:16]} {[%emt 00:03:01]} 35. Re1 {[%clk 00:01:53]}
{[%emt 00:00:20]} Kh7 {[%clk 00:00:52]} {[%emt 00:00:54]} 36. Kg3 {[%clk
00:01:30]} {[%emt 00:00:50]} g6 {[%clk 00:00:47]} {[%emt 00:00:38]} 37. f4
{[%clk 00:01:46]} {[%emt 00:00:14]} gxh5 {[%clk 00:00:38]} {[%emt 00:00:39]} 38.
gxh5 {[%clk 00:01:59]} {[%emt 00:00:17]} Kh6 {[%clk 00:00:33]} {[%emt
00:00:36]} 39. Kg4 {[%clk 00:02:02]} {[%emt 00:00:26]} gxf4 {[%clk 00:00:40]}
{[%emt 00:00:24]} 40. Bf8+ {[%clk 00:32:21]} {[%emt 00:00:10]} Kh7 {[%clk
00:30:53]} {[%emt 00:00:18]} 41. Kxf4 {[%clk 00:32:34]} {[%emt 00:00:17]} Rb8
{[%clk 00:14:06]} {[%emt 00:17:16]} 42. Bd6 {[%clk 00:27:10]} {[%emt 00:05:53]}
Rb6 {[%clk 00:13:49]} {[%emt 00:00:47]} 43. Bc5 {[%clk 00:24:45]} {[%emt
00:02:56]} Rb7 {[%clk 00:14:07]} {[%emt 00:00:12]} 44. Kg5 {[%clk 00:21:23]}
{[%emt 00:03:51]} Nd2 {[%clk 00:14:18]} {[%emt 00:00:20]} 45. Kg4 {[%clk
00:21:04]} {[%emt 00:00:49]} Ne4 {[%clk 00:14:31]} {[%emt 00:00:16]} 46. Rf1
{[%clk 00:20:46]} {[%emt 00:00:47]} Kg7 {[%clk 00:11:07]} {[%emt 00:03:55]} 47.
Rc1 {[%clk 00:18:40]} {[%emt 00:02:35]} Kh7 {[%clk 00:02:48]} {[%emt 00:08:51]}
48. Ra1 {[%clk 00:12:35]} {[%emt 00:06:35]} Rb5 {[%clk 00:00:42]} {[%emt
00:02:35]} 49. Ra7 {[%clk 00:09:41]} {[%emt 00:03:24]} Kg7 {[%clk 00:00:31]}
{[%emt 00:00:41]} 50. Be7 {[%clk 00:08:55]} {[%emt 00:01:16]} Nf2+ {[%clk
00:00:34]} {[%emt 00:00:27]} 51. Kf4 {[%clk 00:07:48]} {[%emt 00:01:37]} Ne4
{[%clk 00:00:31]} {[%emt 00:00:34]} 52. Kg4 {[%clk 00:08:01]} {[%emt 00:00:16]}
Nf2+ {[%clk 00:00:32]} {[%emt 00:00:30]} 53. Kh4 {[%clk 00:08:25]} {[%emt
00:00:06]} Ne4 {[%clk 00:00:57]} {[%emt 00:00:05]} 54. Ra8 {[%clk 00:08:18]}
{[%emt 00:00:37]} d4 {[%clk 00:00:45]} {[%emt 00:00:42]} 55. Rd8 {[%clk
00:03:42]} {[%emt 00:05:05]} Rd5 {[%clk 00:00:32]} {[%emt 00:00:44]} 56. Rxd5
{[%clk 00:03:04]} {[%emt 00:01:08]} exd5 {[%clk 00:01:01]} {[%emt 00:00:01]} 57.
b5 {[%clk 00:02:52]} {[%emt 00:00:41]} d3 {[%clk 00:01:05]} {[%emt 00:00:26]}
0-1